[Event "12th Reykjavik op"]
[Site "Reykjavik ISL"]
[Date "1986.02.20"]
[Round "8.15"]
[White "Browne, Walter Shawn"]
[Black "Wilder, Michael"]
[Result "0-1"]
[WhiteElo "2510"]
[BlackElo "2445"]
[EventDate "1986.02.11"]
[PlyCount "78"]

1.d4 Nf6 2.c4 g6 3.Nc3 Bg7 4.e4 d6 5.Be2 O-O 6.Bg5 c5 7.d5 h6 8.Be3 e6 9.
Qd2 exd5 10.cxd5 Re8 11.f3 h5 12.Bg5 a6 13.Bd3 b5 14.Nge2 Nbd7 15.O-O Ne5 
16.Bc2 Nc4 17.Qf4 b4 18.Nd1 a5 19.Qh4 Ba6 20.Re1 Nb6 21.Nf2 Nbd7 22.f4 Qb6
23.Rad1 c4 24.Bxf6 Nxf6 25.Kh1 Rac8 26.Ng1 b3 27.axb3 cxb3 28.Bb1 Rc2 29.
Ngh3 Rxb2 30.e5 dxe5 31.fxe5 Rxb1 32.Rxb1 Nxd5 33.Qa4 Rb8 34.e6 fxe6 35.
Ne4 Bd3 36.Rbd1 Bxe4 37.Qxe4 Nc3 38.Qxg6 Nxd1 39.Rxe6 Rf8 0-1

[Event "12th Reykjavik op"]
[Site "Reykjavik ISL"]
[Date "1986.02.20"]
[Round "8.26"]
[White "Johannesson, Larus"]
[Black "Pyhala, Antti"]
[Result "0-1"]
[WhiteElo "2250"]
[BlackElo "2340"]
[EventDate "1986.02.11"]
[PlyCount "28"]

1.e4 e5 2.Nf3 Nc6 3.Bb5 a6 4.Ba4 Nf6 5.O-O Nxe4 6.d4 Be7 7.dxe5 Nc5 8.Bxc6
bxc6 9.Nc3 O-O 10.Be3 Ne6 11.Qe2 Rb8 12.Rab1 f5 13.exf6 Bxf6 14.Nd4 Bxd4 
0-1

[Event "12th Reykjavik op"]
[Site "Reykjavik ISL"]
[Date "1986.02.21"]
[Round "9.2"]
[White "Gheorghiu, Florin"]
[Black "Larsen, Bent"]
[Result "1/2-1/2"]
[WhiteElo "2525"]
[BlackElo "2575"]
[EventDate "1986.02.11"]
[PlyCount "38"]

1.d4 Nf6 2.c4 e6 3.Nf3 b6 4.g3 Bb4+ 5.Bd2 Be7 6.Bg2 Bb7 7.Nc3 O-O 8.O-O 
Na6 9.d5 exd5 10.Nd4 c6 11.cxd5 Nxd5 12.Nxd5 cxd5 13.Bc3 Bf6 14.Rc1 Nc7 
15.Qd2 g6 16.Rfd1 Rc8 17.e3 Ne6 18.Nb5 Rc5 19.b4 Rc8 1/2-1/2

[Event "12th Reykjavik op"]
[Site "Reykjavik ISL"]
[Date "1986.02.21"]
[Round "9.4"]
[White "Hjartarson, Johann"]
[Black "Olafsson, Helgi"]
[Result "1-0"]
[WhiteElo "2505"]
[BlackElo "2545"]
[EventDate "1986.02.11"]
[PlyCount "67"]

1.d4 Nf6 2.c4 e6 3.Nf3 d5 4.g3 dxc4 5.Bg2 c5 6.O-O Nc6 7.Qa4 cxd4 8.Nxd4 
Qxd4 9.Bxc6+ Bd7 10.Rd1 Qxd1+ 11.Qxd1 Bxc6 12.Nd2 b5 13.a4 Be7 14.axb5 
Bxb5 15.Nxc4 O-O 16.b3 Rfc8 17.Ba3 Bxa3 18.Nxa3 Ba6 19.Nc2 Bb7 20.Ne3 h6 
21.f3 Bd5 22.b4 Rcb8 23.Qd4 Rb7 24.g4 Rab8 25.Rxa7 Rxb4 26.Qc5 Rb2 27.Kf2 
Rf8 28.h4 Ba8 29.g5 hxg5 30.hxg5 Nd5 31.Qa3 Rbb8 32.g6 Bc6 33.gxf7+ Rxf7 
34.Qd6 1-0

[Event "12th Reykjavik op"]
[Site "Reykjavik ISL"]
[Date "1986.02.21"]
[Round "9.6"]
[White "Kudrin, Sergey"]
[Black "Salov, Valery"]
[Result "0-1"]
[WhiteElo "2460"]
[BlackElo "2525"]
[EventDate "1986.02.11"]
[PlyCount "36"]

1.e4 c5 2.Nf3 d6 3.d4 cxd4 4.Nxd4 Nf6 5.Nc3 Nc6 6.Bg5 e6 7.Qd2 a6 8.O-O-O 
h6 9.Bf4 Bd7 10.Nxc6 Bxc6 11.Qe1 Be7 12.Kb1 Qc7 13.e5 dxe5 14.Bxe5 Qa5 15.
f3 Rd8 16.Rxd8+ Bxd8 17.Bd3 O-O 18.Qe2 Be7 0-1

[Event "12th Reykjavik op"]
[Site "Reykjavik ISL"]
[Date "1986.02.21"]
[Round "9.9"]
[White "Reshevsky, Samuel Herman"]
[Black "Alburt, Lev"]
[Result "0-1"]
[WhiteElo "2485"]
[BlackElo "2515"]
[EventDate "1986.02.11"]
[PlyCount "44"]

1.d4 Nf6 2.Nf3 c5 3.d5 b5 4.c4 Bb7 5.a4 b4 6.Qc2 d6 7.e4 e5 8.dxe6 fxe6 9.
Nbd2 Nc6 10.g3 g6 11.Nb3 Bg7 12.Bg2 O-O 13.O-O Qe7 14.h3 Nxe4 15.Qxe4 Nd4 
16.Qxb7 Ne2+ 17.Kh2 Qxb7 18.Ng1 Qa6 19.Nxe2 Qxc4 20.Bf4 Qxe2 21.Bxa8 Rxa8 
22.Bxd6 Qd3 0-1

[Event "12th Reykjavik op"]
[Site "Reykjavik ISL"]
[Date "1986.02.21"]
[Round "9.14"]
[White "Thorsteins, Karl"]
[Black "Petursson, Margeir"]
[Result "1-0"]
[WhiteElo "2445"]
[BlackElo "2520"]
[EventDate "1986.02.11"]
[PlyCount "88"]

1.d4 Nf6 2.c4 e6 3.Nf3 b6 4.Nc3 Bb4 5.Qb3 c5 6.dxc5 bxc5 7.g3 Nc6 8.Bg2 
Bb7 9.O-O Na5 10.Qc2 Nxc4 11.Na4 Nb6 12.a3 Be4 13.Qd1 Nxa4 14.axb4 Nb6 15.
bxc5 Nbd5 16.Ne5 Bxg2 17.Kxg2 O-O 18.Qd4 Qc7 19.Ra4 Ne7 20.e4 Nc6 21.Nxc6 
Qxc6 22.Bg5 Ng4 23.Be7 Rfb8 24.Rfa1 e5 25.Qd1 Nxf2 26.Qe2 Nd3 27.Qxd3 
Rxb2+ 28.Kh1 Qe6 29.Qd5 Rab8 30.Qxe6 fxe6 31.Rxa7 Re2 32.Ra8 Rxa8 33.Rxa8+
Kf7 34.Bd6 Rxe4 35.Rd8 Rc4 36.Rxd7+ Kf6 37.Rd8 e4 38.Rf8+ Kg6 39.Kg2 Rc2+ 
40.Rf2 Rc4 41.Rf4 Kh5 42.Kf2 g5 43.Rf6 Kg4 44.Rh6 Rc3 1-0

[Event "12th Reykjavik op"]
[Site "Reykjavik ISL"]
[Date "1986.02.21"]
[Round "9.15"]
[White "Yrjola, Jouni"]
[Black "Fedorowicz, John"]
[Result "1/2-1/2"]
[WhiteElo "2440"]
[BlackElo "2500"]
[EventDate "1986.02.11"]
[PlyCount "26"]

1.d4 Nf6 2.c4 c5 3.d5 b5 4.Nf3 Bb7 5.a4 b4 6.Nbd2 g6 7.e4 d6 8.b3 Bg7 9.
Bb2 O-O 10.Be2 Re8 11.Rb1 e6 12.O-O exd5 13.exd5 Bc8 1/2-1/2

[Event "12th Reykjavik op"]
[Site "Reykjavik ISL"]
[Date "1986.02.22"]
[Round "10.3"]
[White "Nikolic, Predrag"]
[Black "Gheorghiu, Florin"]
[Result "1/2-1/2"]
[WhiteElo "2565"]
[BlackElo "2525"]
[EventDate "1986.02.11"]
[PlyCount "89"]

1.d4 Nf6 2.c4 c5 3.d5 d6 4.g3 e6 5.dxe6 Bxe6 6.Nc3 Nc6 7.Nd5 g6 8.Nh3 Bg7 
9.Nhf4 Bxd5 10.Nxd5 Nxd5 11.Qxd5 O-O 12.e3 Nb4 13.Qd2 Qa5 14.Ke2 Qa6 15.a3
Qxc4+ 16.Kf3 Qd5+ 17.Qxd5 Nxd5 18.Bg2 Nc7 19.Ke2 d5 20.Rd1 Rad8 21.a4 Rfe8
22.a5 Re6 23.Ra3 c4 24.Ra4 Rc6 25.e4 d4 26.e5 Rc5 27.f4 f6 28.exf6 Bxf6 
29.Bxb7 a6 30.g4 Kh8 31.Rb4 Nd5 32.Bxd5 Rdxd5 33.Rb6 Bd8 34.Rxa6 Bxa5 35.
Kf3 d3 36.Be3 Rb5 37.Rc6 Kg8 38.Ke4 Rd7 39.Bd4 Re7+ 40.Kf3 d2 41.Be5 Rbxe5
42.fxe5 Rxe5 43.Rd6 Re1 44.R6xd2 Bxd2 45.Rxd2 1/2-1/2

[Event "12th Reykjavik op"]
[Site "Reykjavik ISL"]
[Date "1986.02.22"]
[Round "10.4"]
[White "Hansen, Curt"]
[Black "Hjartarson, Johann"]
[Result "1/2-1/2"]
[WhiteElo "2510"]
[BlackElo "2505"]
[EventDate "1986.02.11"]
[PlyCount "81"]

1.Nf3 Nf6 2.c4 b6 3.Nc3 Bb7 4.d4 e6 5.a3 d5 6.cxd5 exd5 7.Bf4 Bd6 8.Bxd6 
Qxd6 9.Rc1 Qe7 10.e3 O-O 11.Be2 c5 12.O-O Nbd7 13.dxc5 bxc5 14.Qa4 Rfd8 
15.Rfd1 a5 16.Qc2 g6 17.h3 h6 18.Re1 Qe6 19.Bd3 Kg7 20.e4 dxe4 21.Nxe4 
Nxe4 22.Bxe4 Bxe4 23.Rxe4 Qf6 24.Rc4 a4 25.Ne1 Rdb8 26.Nd3 Qf5 27.Qd2 Rb3 
28.Nxc5 Nxc5 29.Rxc5 Qf6 30.R5c3 Rd8 31.Qe2 Rdb8 32.R1c2 h5 33.Rxb3 Rxb3 
34.Qd2 Qe5 35.Rc3 Rb8 36.Rc2 Rb3 37.h4 Qe4 38.g3 Rd3 39.Qe2 Qd4 40.Kh2 Qd5
41.Rc1 1/2-1/2

[Event "12th Reykjavik op"]
[Site "Reykjavik ISL"]
[Date "1986.02.22"]
[Round "10.6"]
[White "Geller, Efim"]
[Black "Alburt, Lev"]
[Result "1/2-1/2"]
[WhiteElo "2525"]
[BlackElo "2515"]
[EventDate "1986.02.11"]
[PlyCount "78"]

1.d4 Nf6 2.Nf3 c5 3.c4 cxd4 4.Nxd4 e6 5.Nc3 Bb4 6.g3 Qc7 7.Qb3 Bc5 8.Be3 
a6 9.Nc2 d6 10.Bg2 O-O 11.O-O Nbd7 12.Rfd1 Rb8 13.Bxc5 dxc5 14.Rd2 b5 15.
Ne3 Bb7 16.Bxb7 Qxb7 17.Rad1 Ne5 18.cxb5 axb5 19.a4 b4 20.Nb5 Ne4 21.Rc2 
Rbd8 22.f3 c4 23.Rxc4 Rxd1+ 24.Qxd1 Nxc4 25.Nxc4 Nc5 26.b3 h5 27.Kg2 Qe7 
28.Qc2 Qg5 29.h4 Qd5 30.Ne3 Qe5 31.Nc4 Qa1 32.Na5 Na6 33.Qd2 g6 34.Qd6 Qe1
35.Nd4 Nb8 36.Nc4 Rc8 37.a5 Nc6 38.Nxc6 Qxe2+ 39.Kg1 Qe1+ 1/2-1/2

[Event "12th Reykjavik op"]
[Site "Reykjavik ISL"]
[Date "1986.02.22"]
[Round "10.12"]
[White "Schussler, Harry"]
[Black "Arnason, Jon"]
[Result "0-1"]
[WhiteElo "2455"]
[BlackElo "2500"]
[EventDate "1986.02.11"]
[PlyCount "90"]

1.d4 Nf6 2.c4 e6 3.Nf3 b6 4.Nc3 Bb4 5.Bg5 Bb7 6.e3 h6 7.Bh4 g5 8.Bg3 Ne4 
9.Nd2 Nxc3 10.bxc3 Bxc3 11.Rc1 Bb4 12.h4 Nc6 13.d5 Qe7 14.dxc6 dxc6 15.Be5
O-O-O 16.Bc3 Bxc3 17.Rxc3 c5 18.hxg5 hxg5 19.Rxh8 Rxh8 20.e4 f5 21.Rh3 Rd8
22.Rd3 Rf8 23.Qc2 Qf7 24.Re3 g4 25.Qb2 Bc6 26.exf5 exf5 27.Qe5 Kb7 28.g3 
Qh7 29.Bd3 Qh1+ 30.Ke2 Qc1 31.Qf4 Ba4 32.Nb3 Qb2+ 33.Nd2 Qc1 34.Re7 Qd1+ 
35.Ke3 Qe1+ 36.Be2 Rc8 37.Qe5 Bd1 38.Qd5+ Ka6 39.Kd3 Ba4 40.Ke3 Bd1 41.Qd3
f4+ 42.gxf4 Rd8 43.Qa3+ Kb7 44.Rxc7+ Kxc7 45.Qxa7+ Kc6 0-1

[Event "12th Reykjavik op"]
[Site "Reykjavik ISL"]
[Date "1986.02.22"]
[Round "10.13"]
[White "Fedorowicz, John"]
[Black "Zaltsman, Vitaly"]
[Result "1-0"]
[WhiteElo "2500"]
[BlackElo "2410"]
[EventDate "1986.02.11"]
[PlyCount "95"]

1.e4 c5 2.Nf3 d6 3.d4 cxd4 4.Nxd4 Nf6 5.Nc3 Nc6 6.Bg5 e6 7.Qd2 a6 8.O-O-O 
Bd7 9.Be2 h6 10.Bh4 b5 11.Nxc6 Bxc6 12.Qe3 Qa5 13.Nd5 O-O-O 14.Nxf6 Be7 
15.Kb1 Bxf6 16.Bxf6 gxf6 17.Bf3 Kb7 18.Qf4 Rd7 19.Qxf6 Qd8 20.Qc3 Rg8 21.
Rd2 Qh4 22.Qe3 Qg5 23.Qe2 Qe5 24.g3 h5 25.Rhd1 h4 26.a3 hxg3 27.hxg3 Rh8 
28.Rd4 Rh2 29.Qe3 Qc5 30.e5 Bxf3 31.Qxf3+ d5 32.Rf4 Rc7 33.Rd2 Rh7 34.Rfd4
Qb6 35.c3 Rc4 36.Ka2 Qc7 37.Qe3 Rh8 38.f4 Rg8 39.f5 Rg4 40.fxe6 fxe6 41.
Rxg4 Rxg4 42.Rd4 Rg8 43.g4 Qg7 44.Rf4 Rc8 45.g5 Rg8 46.Rf6 Qxg5 47.Rf7+ 
Kc6 48.Qa7 1-0

[Event "12th Reykjavik op"]
[Site "Reykjavik ISL"]
[Date "1986.02.22"]
[Round "10.14"]
[White "Yrjola, Jouni"]
[Black "Sigurjonsson, Gudmundur"]
[Result "1-0"]
[WhiteElo "2440"]
[BlackElo "2495"]
[EventDate "1986.02.11"]
[PlyCount "57"]

{41/664} 
1.d4 Nf6 2.c4 c5 3.d5 d6 4.Nc3 g6 5.e4 Bg7 6.f4 O-O 7.Nf3 a6 8.Bd3 b5 9.e5
dxe5 10.fxe5 Ng4 11.Qe2 Nd7 12.Bf4 Qc7 13.O-O Ngxe5 14.Kh1 Bb7 15.Rae1 f6 
16.cxb5 axb5 17.Bxb5 Qb6 18.Bxd7 Nxd7 19.Qxe7 Rf7 20.Qe6 Qb4 21.Re4 Qa5 
22.Ng5 fxg5 23.Bc7 Nf6 24.Bxa5 Rxa5 25.Ree1 Ra6 26.d6 Ra8 27.Ne4 Bxe4 28.
Rxe4 Rf8 29.Re2 1-0

[Event "12th Reykjavik op"]
[Site "Reykjavik ISL"]
[Date "1986.02.22"]
[Round "10.15"]
[White "Utut Adianto"]
[Black "Kogan, Boris"]
[Result "1-0"]
[WhiteElo "2400"]
[BlackElo "2485"]
[EventDate "1986.02.11"]
[PlyCount "97"]

1.d4 d5 2.Nf3 c6 3.g3 Nf6 4.Bg2 Bf5 5.O-O e6 6.c4 Nbd7 7.b3 Be7 8.Nc3 h6 
9.Bb2 O-O 10.e3 Ne4 11.Qe2 Qa5 12.Rfc1 Ba3 13.Bxa3 Qxa3 14.Ne1 Nxc3 15.
Rxc3 Rfe8 16.Rac1 Nf6 17.h3 Ne4 18.Bxe4 dxe4 19.g4 Bh7 20.Rd1 Rad8 21.Rc2 
Qd6 22.Rcd2 f5 23.f4 exf3 24.Nxf3 Qg3+ 25.Qg2 Qxg2+ 26.Kxg2 fxg4 27.hxg4 
Be4 28.Kg3 Bxf3 29.Kxf3 Rf8+ 30.Ke4 Rf6 31.b4 Rg6 32.Rg2 Rg5 33.Rh1 Kf7 
34.a4 a6 35.Rh5 Rg6 36.b5 axb5 37.cxb5 Ra8 38.bxc6 bxc6 39.a5 Ke7 40.Rc5 
Kd6 41.Kd3 Rf6 42.Rb2 Ra6 43.Rb7 Rg6 44.e4 e5 45.Rxe5 Re6 46.Rxe6+ Kxe6 
47.Rxg7 Kf6 48.Rc7 Kg5 49.e5 1-0

[Event "12th Reykjavik op"]
[Site "Reykjavik ISL"]
[Date "1986.02.23"]
[Round "11.1"]
[White "Tal, Mikhail"]
[Black "Gheorghiu, Florin"]
[Result "1/2-1/2"]
[WhiteElo "2600"]
[BlackElo "2525"]
[EventDate "1986.02.11"]
[PlyCount "38"]

1.c4 Nf6 2.Nf3 e6 3.Nc3 d5 4.d4 Be7 5.Bg5 h6 6.Bh4 O-O 7.e3 b6 8.Bd3 Bb7 
9.O-O Nbd7 10.Qe2 c5 11.Rfd1 Ne4 12.Bg3 cxd4 13.exd4 Nxg3 14.hxg3 Nf6 15.
Ne5 Rc8 16.Rac1 dxc4 17.Bxc4 Nd5 18.Ba6 Nxc3 19.bxc3 Qd5 1/2-1/2

[Event "12th Reykjavik op"]
[Site "Reykjavik ISL"]
[Date "1986.02.23"]
[Round "11.2"]
[White "Salov, Valery"]
[Black "Larsen, Bent"]
[Result "1/2-1/2"]
[WhiteElo "2525"]
[BlackElo "2575"]
[EventDate "1986.02.11"]
[PlyCount "80"]

1.d4 Nf6 2.Nf3 e6 3.Bg5 c5 4.e3 Qb6 5.Qc1 Nc6 6.c3 Ne4 7.Bf4 Be7 8.Nbd2 
Nxd2 9.Qxd2 d5 10.Bd3 Bd7 11.O-O Rc8 12.Qe2 O-O 13.Rab1 a6 14.Rfd1 Rfd8 
15.dxc5 Qxc5 16.e4 dxe4 17.Bxe4 Be8 18.h3 Qb6 19.b3 Bf6 20.c4 a5 21.Rxd8 
Rxd8 22.Rd1 h6 23.Rxd8 Bxd8 24.Qd2 Bf6 25.Be3 Qc7 26.Bf4 Qb6 27.Be3 Qa6 
28.Qd6 a4 29.Qc7 Qa8 30.g3 axb3 31.axb3 Bd8 32.Qd6 Be7 33.Qc7 Bd8 34.Qd6 
Qc8 35.Bb1 Qd7 36.Bc5 Qxd6 37.Bxd6 Ba5 38.Kf1 f6 39.Ke2 Kf7 40.Be4 Bd7 
1/2-1/2

[Event "12th Reykjavik op"]
[Site "Reykjavik ISL"]
[Date "1986.02.23"]
[Round "11.6"]
[White "Miles, Anthony John"]
[Black "Byrne, Robert"]
[Result "1-0"]
[WhiteElo "2610"]
[BlackElo "2505"]
[EventDate "1986.02.11"]
[PlyCount "137"]

1.d4 Nf6 2.c4 e6 3.Nf3 d5 4.Nc3 Nbd7 5.cxd5 exd5 6.Bf4 c6 7.Qc2 Nh5 8.Bg5 
Be7 9.Bxe7 Qxe7 10.g3 Nb6 11.Bg2 g6 12.O-O Bf5 13.Qc1 O-O 14.Re1 Rad8 15.
b3 f6 16.Nh4 Ng7 17.e4 dxe4 18.Nxe4 Qf7 19.Qa3 Nc8 20.Nc5 Rxd4 21.Nxf5 
gxf5 22.Bf1 b5 23.Bg2 Qc7 24.Rac1 Rd2 25.b4 Rfd8 26.Nb3 R2d6 27.Na5 Ne7 
28.Qb3+ Kf8 29.Qe3 Qd7 30.Qh6 Kg8 31.Bf3 Nd5 32.Red1 Nxb4 33.a3 Na2 34.
Rxd6 Qxd6 35.Rd1 Qe7 36.Rxd8+ Qxd8 37.Nxc6 Qd6 38.Qe3 Kf8 39.Qxa7 Nc3 40.
Nb4 Qe7 41.Qb8+ Kf7 42.Kg2 Qe5 43.Qa7+ Qe7 44.Qd4 Qe5 45.Qd7+ Kg6 46.Nd3 
Qe8 47.Nf4+ Kh6 48.Qd2 Ne4 49.Qc1 Qa8 50.h4 Ne8 51.Ne6+ Kg6 52.Qd1 Qc6 53.
Nf4+ Kf7 54.Qd8 Kf8 55.Nd5 Qd6 56.Qa8 Qe5 57.Bh5 Nd6 58.Nc7 Nf7 59.Qxe8+ 
Qxe8 60.Nxe8 Kxe8 61.Kf3 Ke7 62.Bxf7 Kxf7 63.Kf4 Ke6 64.h5 Kd5 65.Kxf5 Kc4
66.Kxf6 Kb3 67.g4 Kxa3 68.g5 b4 69.g6 1-0

[Event "12th Reykjavik op"]
[Site "Reykjavik ISL"]
[Date "1986.02.23"]
[Round "11.8"]
[White "Lein, Anatoly"]
[Black "Yrjola, Jouni"]
[Result "0-1"]
[WhiteElo "2535"]
[BlackElo "2440"]
[EventDate "1986.02.11"]
[PlyCount "153"]

1.Nf3 Nf6 2.c4 g6 3.b3 Bg7 4.Bb2 O-O 5.g3 e6 6.Bg2 d5 7.O-O b6 8.d3 Bb7 9.
Nbd2 c5 10.a3 Nc6 11.Rb1 a5 12.Ne5 Qc7 13.Nxc6 Bxc6 14.Qc2 d4 15.Bxc6 Qxc6
16.b4 axb4 17.axb4 h5 18.Nf3 Nd7 19.b5 Qb7 20.Ra1 e5 21.Rfb1 Bh6 22.Bc1 
Bxc1 23.Qxc1 e4 24.dxe4 Qxe4 25.Qd1 Rae8 26.Ra7 Ne5 27.Nxe5 Rxe5 28.Rb2 h4
29.Qf1 Rfe8 30.Ra3 Qg4 31.Ra6 hxg3 32.hxg3 R8e6 33.Rd2 Kg7 34.Raa2 Re7 35.
Rab2 Qe6 36.Rbc2 Ra7 37.Rd1 Ra4 38.Rdc1 Qg4 39.Rd1 Qe4 40.Re1 Qg4 41.Rd1 
Ra3 42.Rd3 Ra4 43.Rd1 Re7 44.Rd3 Qe6 45.Qc1 Rea7 46.Kg2 Qe4+ 47.f3 Qe6 48.
e3 Ra2 49.exd4 Qxc4 50.Rdd2 Rxc2 51.Qxc2 Qxb5 52.dxc5 bxc5 53.Qc3+ f6 54.
Rc2 Rc7 55.Qc4 Qxc4 56.Rxc4 Kf7 57.Kf2 Ke6 58.Ke2 Kd5 59.Rf4 Rc6 60.Kd3 
Ra6 61.g4 Rb6 62.Kc3 Rd6 63.Ra4 g5 64.f4 Re6 65.f5 Re3+ 66.Kd2 Re4 67.Ra6 
Ke5 68.Re6+ Kf4 69.Rxf6 Kxg4 70.Rf8 Rf4 71.f6 Kg3 72.Ke1 g4 73.f7 c4 74.
Ke2 c3 75.Ke1 c2 76.Kd2 Rc4 77.Kc1 0-1

[Event "12th Reykjavik op"]
[Site "Reykjavik ISL"]
[Date "1986.02.23"]
[Round "11.11"]
[White "Dehmelt, Karl"]
[Black "Fedorowicz, John"]
[Result "0-1"]
[WhiteElo "2355"]
[BlackElo "2500"]
[EventDate "1986.02.11"]
[PlyCount "156"]

1.e4 c5 2.Nf3 Nc6 3.Bb5 e6 4.O-O Nge7 5.d4 cxd4 6.Nxd4 Nxd4 7.Qxd4 a6 8.
Bd3 Nc6 9.Qe3 Be7 10.Qg3 O-O 11.f4 d5 12.exd5 exd5 13.Nc3 Nb4 14.f5 Bh4 
15.Qg4 Nxd3 16.cxd3 Re8 17.Qf3 Re5 18.Bf4 Rxf5 19.g4 Rxf4 20.Qxf4 Be6 21.
Kh1 h6 22.Rg1 Rc8 23.Rg2 Bg5 24.Qf2 d4 25.Ne4 Be3 26.Qg3 Bd5 27.Qf3 Rc6 
28.Re2 Qd7 29.h3 Rf6 30.Rxe3 dxe3 31.Qxe3 Bc6 32.Kg1 Re6 33.Re1 Qd5 34.a3 
Rg6 35.Kf1 h5 36.gxh5 Qxh5 37.Re2 Bd7 38.Nf2 Qh4 39.Ke1 Bc6 40.Qe7 Qd4 41.
Qe5 Qd8 42.Kd2 Re6 43.Qc5 b6 44.Qh5 Qf6 45.Rxe6 Qxb2+ 46.Ke3 fxe6 47.Ne4 
Qxa3 48.Qe5 Qc1+ 49.Ke2 Bd5 50.Qb8+ Kh7 51.Qxb6 Bxe4 52.dxe4 Qc4+ 53.Kf3 
Qf1+ 54.Kg3 e5 55.Qc6 a5 56.h4 Qf4+ 57.Kh3 Qf3+ 58.Kh2 Qg4 59.Qd5 Qxh4+ 
60.Kg2 Qg5+ 61.Kh3 a4 62.Qd3 Qf4 63.Kg2 a3 64.Qxa3 Qxe4+ 65.Kh3 Qf5+ 66.
Kg3 e4 67.Qa8 Qf3+ 68.Kh2 Qf4+ 69.Kg2 e3 70.Qd5 Kh6 71.Qg8 Qg4+ 72.Kh2 e2 
73.Qh8+ Kg6 74.Qe8+ Kh7 75.Qe7 Qf4+ 76.Kg2 Qf1+ 77.Kh2 e1=R 78.Qh4+ Kg8 
0-1

[Event "12th Reykjavik op"]
[Site "Reykjavik ISL"]
[Date "1986.02.23"]
[Round "11.13"]
[White "Wilder, Michael"]
[Black "Van der Sterren, Paul"]
[Result "0-1"]
[WhiteElo "2445"]
[BlackElo "2470"]
[EventDate "1986.02.11"]
[PlyCount "58"]

1.d4 Nf6 2.Nf3 d5 3.Bg5 e6 4.Nbd2 Be7 5.e3 c5 6.c3 Nbd7 7.Bd3 b6 8.O-O Bb7
9.Qc2 h6 10.Bh4 O-O 11.Ne5 Nxe5 12.dxe5 Ng4 13.Bg3 Bh4 14.Bf4 g5 15.g3 
gxf4 16.exf4 h5 17.Rae1 Be7 18.Qd1 Kg7 19.Bb1 Ba6 20.c4 dxc4 21.Qc2 Rh8 
22.Ne4 c3 23.Rd1 Qc7 24.Rfe1 cxb2 25.h3 Nh6 26.Nf6 Nf5 27.Rd7 Qc6 28.Qc3 
Rad8 29.Rxa7 Nd4 0-1

[Event "12th Reykjavik op"]
[Site "Reykjavik ISL"]
[Date "1986.02.23"]
[Round "11.15"]
[White "Petursson, Margeir"]
[Black "Dlugy, Maxim"]
[Result "1/2-1/2"]
[WhiteElo "2520"]
[BlackElo "2545"]
[EventDate "1986.02.11"]
[PlyCount "90"]

1.d4 d5 2.Nf3 c5 3.c4 cxd4 4.cxd5 Nf6 5.Qxd4 Qxd5 6.Nc3 Qxd4 7.Nxd4 Bd7 8.
g3 Nc6 9.Nc2 e5 10.Bg2 Nd4 11.Nxd4 exd4 12.Nd5 Nxd5 13.Bxd5 Bb4+ 14.Bd2 
Bxd2+ 15.Kxd2 O-O-O 16.Rhc1+ Kb8 17.Rc5 b6 18.Rc4 Rhe8 19.Re1 Re5 20.Rxd4 
Be6 21.e4 Bxd5 22.f4 Rh5 23.h4 Rd7 24.exd5 Rhxd5 25.Rxd5 Rxd5+ 26.Kc3 Kc7 
27.Re7+ Rd7 28.Re8 Kd6 29.g4 Re7 30.Rxe7 Kxe7 31.Kc4 h5 32.gxh5 Ke6 33.Kb5
Kf5 34.a4 Kxf4 35.Ka6 f5 36.Kxa7 Kg4 37.Kxb6 f4 38.a5 f3 39.a6 f2 40.a7 
f1=Q 41.a8=Q Qf2+ 42.Kc7 Qxb2 43.Qe4+ Kxh5 44.Qh7+ Kg4 45.Qe4+ Kh5 1/2-1/2

[Event "12th Reykjavik op"]
[Site "Reykjavik ISL"]
[Date "1986.02.23"]
[Round "11.20"]
[White "Jonasson, Benedikt"]
[Black "Schussler, Harry"]
[Result "1/2-1/2"]
[WhiteElo "2290"]
[BlackElo "2455"]
[EventDate "1986.02.11"]
[PlyCount "96"]

1.d4 e6 2.c4 Bb4+ 3.Bd2 Qe7 4.Nf3 Nf6 5.e3 b6 6.Bd3 Bb7 7.O-O Bxd2 8.Nbxd2
c5 9.e4 cxd4 10.e5 Ng4 11.h3 Nh6 12.Ne4 O-O 13.Nxd4 f6 14.Nb5 fxe5 15.Nbd6
Bxe4 16.Bxe4 Nc6 17.Bxc6 dxc6 18.Ne4 Nf5 19.Qh5 Rad8 20.Rad1 Rd4 21.Qe2 
Rfd8 22.b3 Qh4 23.Nc3 Rxd1 24.Rxd1 Rxd1+ 25.Qxd1 Nd4 26.Qd3 Qf4 27.Ne2 Qf5
28.Qe3 c5 29.Kh2 h6 30.Ng3 Qf4 31.Qe1 Nf5 32.Qe4 Qxf2 33.Qa8+ Kh7 34.Nh5 
Qh4 35.Qe8 Qe7 36.Qa8 Qf7 37.g4 Nd6 38.Qc6 Qe7 39.Ng3 Qf8 40.Kg2 Qe7 41.
Kh2 Qf6 42.Qxd6 Qf2+ 43.Kh1 Qxg3 44.Qxe6 Qxh3+ 45.Kg1 Qg3+ 46.Kf1 Qf3+ 47.
Ke1 e4 48.Kd2 Qd3+ 1/2-1/2

[Event "12th Reykjavik op"]
[Site "Reykjavik ISL"]
[Date "1986.02.23"]
[Round "11.24"]
[White "Jonsson, Bjorgvin"]
[Black "Browne, Walter Shawn"]
[Result "1/2-1/2"]
[WhiteElo "2290"]
[BlackElo "2510"]
[EventDate "1986.02.11"]
[PlyCount "122"]

1.d4 Nf6 2.c4 e6 3.Nc3 Bb4 4.a3 Bxc3+ 5.bxc3 b6 6.f3 Nc6 7.e4 Ba6 8.e5 Ng8
9.Nh3 Na5 10.Qa4 Qc8 11.Bd3 c5 12.Ng5 Qc6 13.Qc2 Bxc4 14.Ne4 Bxd3 15.Qxd3 
Nb7 16.Bg5 h6 17.Bh4 Ne7 18.Bxe7 Kxe7 19.O-O d5 20.exd6+ Nxd6 21.Rae1 Rad8
22.Ng3 cxd4 23.cxd4 Qb5 24.Qd2 Rhe8 25.Re5 Nc4 26.Qe2 Rd5 27.Re4 Nd6 28.
Qf2 Nxe4 29.fxe4 Rd7 30.Qxf7+ Kd8 31.Qf4 Qg5 32.Qb8+ Ke7 33.Nf5+ Qxf5 34.
Qxe8+ Kxe8 35.exf5 exf5 36.Rxf5 Rxd4 37.Rf3 Ke7 38.Rc3 Kd6 39.Rg3 g5 40.
Rh3 Rh4 41.Rc3 b5 42.h3 a5 43.g4 Kd5 44.Kf2 h5 45.gxh5 Rxh5 46.Rg3 b4 47.
axb4 axb4 48.Kf1 Kc4 49.Ke2 g4 50.hxg4 Rd5 51.g5 b3 52.g6 b2 53.g7 Rd8 54.
Rg4+ Kc3 55.Rg3+ Kc4 56.Rg4+ Kc5 57.Rg5+ Kc6 58.Rg6+ Kc7 59.Rg1 Rg8 60.Kd3
b1=B+ 61.Rxb1 Rxg7 1/2-1/2